| 000 | 00941nam a2200229 a 4500 | ||
|---|---|---|---|
| 001 | 53874 | ||
| 003 | BD-RjUL | ||
| 005 | 20211209080033.0 | ||
| 008 | 161027s1961 ii ||||| |||| 00| 0 ben d | ||
| 020 | _c: IRs.6.00 | ||
| 035 | _a(BD-RjUL)53996 | ||
| 040 |
_aBD-RjUL _bben _cBD-RjUL _dBD-RjUL |
||
| 041 | _aben | ||
| 082 |
_223 _a891.4409 _bMUK 1961 |
||
| 100 |
_aমুখোপাধ্যায়, অরুণকুমার _9121303 |
||
| 245 | 1 | 0 |
_aকথাসাহিত্য-জিজ্ঞাসা / _cঅরুণকুমার মুখোপাধ্যায় |
| 260 |
_aকলকাতা : _bকরুণা প্রকাশনী, _c১৯৬১ [১৩৬৮] |
||
| 300 |
_a১৬৮ পৃ. ; _c২১ সেমি. |
||
| 650 |
_aবাংলা সাহিত্য _vইতিহাস ও সমালোচনা _9145715 |
||
| 650 |
_aBengali Literature _vHistory and Criticism _9145716 |
||
| 942 |
_2ddc _cBK |
||
| 999 |
_c53874 _d53874 |
||